000 01010nam a2200265 i 4500
001 27507
003 ES-MaACL
005 20250630151017.0
007 t|
008 030114s1904 sp ||||1| spa d
080 _a929.52 Sotomayor
100 1 _aVinyals, María,
_cMarquesa de Ayerbe,
_d1875-ca. 1940
_eaut
_9174264
245 1 3 _aEl castillo del marqués de Mos en Sotomayor :
_bapuntes históricos /
_cpor la marquesa de Ayerbe ; dibujos de Garnelo.
260 _a[Madrid :
_bs.n.,
_c1904] (
_fEst. tip. de Fortanet)
300 _a142 p. :
_bil. ;
_c22 cm.
505 _aÁrbol genealógico . Apéndices
530 _aDisponible en formato digital.
600 3 4 _aSotomayor (Familia)-
_xGenealogía.
_9174265
610 2 4 _aCastillo de Soutomaior.
_9157193
700 1 _aGarnelo y Alda, José.
_955592
_edrm
852 4 _aES-MaACL
_jB-389
_cSPB
856 4 _uhttps://archive.org/details/ElCastilloDelMarquesDeMos/page/n1/mode/2up
_yInternet Archive
942 _2udc
999 _c27507
_d27507